000 01429cab a2200289 4500
001 ABS67732
008 040505n2004 000 0 eng u
035 _a(Sirsi) u126086
100 _aBaker, C.
245 _aJoined-up policy for more homes
260 _c2004
490 _aPlanning (for the Natural and Built Environment)
_v(1563) 2 April 2004, 8(1)
520 _aReports on the success of coalitions of social housing landlords, in high-demand areas in recent funding allocations, within the largest Approved Development Programme (ADP) yet, with 80% of the £3.3bn affordable homes' allocation going to coalitions of associations. Discusses: the Housing Corporation's perceived fascination with partnership; the ODPM's proviso that 25% of the funding should go towards modern construction methods including off-site manufacture; the expanded key worker programme; and supportive advice centres. Table covers the top partnering bids in the recent ADP.
590 _aABS
650 _aBARKER REVIEW OF HOUSING SUPPLY: SECURING OUR FUTURE HOUSING NEEDS
650 _aONE-STOP SHOPS
650 _aKEY WORKERS
650 _aOFFSITE FABRICATION
650 _aAPPROVED DEVELOPMENT PROGRAMME
650 _aREGISTERED SOCIAL LANDLORDS
650 _aSOCIAL LANDLORDS
650 _aPARTNERING
650 _aHOUSING CORPORATION
650 _aHOUSING ASSOCIATIONS
690 _aHOUSING-DEVELOPMENT
942 _n0
999 _c74386
_d74386